Journal : Institute of Muslim minority affairs-Vol. III, no. 2 (Winter 1981) (Record no. 4835)

MARC details
000 -LEADER
fixed length control field 00405aas a2200133 4500
008 - FIXED-LENGTH DATA ELEMENTS--GENERAL INFORMATION
fixed length control field 240229b |||||||| |||| 00| 0 eng d
942 ## - ADDED ENTRY ELEMENTS (KOHA)
Item Type Periodicals
245 ## - TITLE STATEMENT
Title Journal : Institute of Muslim minority affairs-Vol. III, no. 2 (Winter 1981)
260 ## - PUBLICATION, DISTRIBUTION, ETC. (IMPRINT)
Place of Publication Jeddah :
Name of Publisher King Abdulaziz University,
Date of Copyright 1981
300 ## - PHYSICAL DESCRIPTION
Physical Details 1-316 p.
650 ## - SUBJECT ADDED ENTRY--TOPICAL TERM
Topical Term Muslims
650 ## - SUBJECT ADDED ENTRY--TOPICAL TERM
Topical Term Non-Islamic countries
650 ## - SUBJECT ADDED ENTRY--TOPICAL TERM
Topical Term Religious minorities
Holdings
Withdrawn status Lost status Source of classification or shelving scheme Damaged status Not for loan Permanent location Current location Date acquired Total Checkouts Barcode Date last seen Price effective from Koha item type
    Dewey Decimal Classification     Resource center, Muslim Women's Research And Action Forum Resource center, Muslim Women's Research And Action Forum 2024-02-29   RAF5148 2024-02-29 2024-02-29 Periodicals

Copyright © 2023 Muslim Women's Research and Action Forum (MWRAF), No 27/3, Anderson Road, Kalubowila, Dehiwela. Funded by The Asia Fundation